Top 10 Oldest Car Brands - Statistics

General Stats
  • This quiz has been taken 824 times
  • The average score is 3 of 10
Answer Stats
Rank Year Founded Age Existence Answer % Correct
9 16 Juni 1903 118 Ford
97%
6 11 Juli 1899 122 Fiat
47%
5 1 Oktober 1898 123 Renault
39%
8 22 August 1902 119 Cadillac
24%
7 (Unknown Date) 1900 121 Dodge
24%
3 21 Januari 1862 159 Opel
24%
4 (Unknown Date) 1878-2005 115 Rover (Not Land Rover)
10%
10 (Unknown Date) 1852-1967 115 Studebaker
6%
2 (Unknown Date) 1856 165 Holden
5%
1 (Unknown Date) 1850 171 Tatra
4%
No matching quizzes found
Score Distribution
Percent of People with Each Score
Percentile by Number Answered
Your Score History
You have not taken this quiz